Das Motorrad mit Seitenwagen.

Uložené v:
Podrobná bibliografia
Hlavný autor: Rausch, S.
Médium: Kniha
Jazyk:Slovak
Vydané: Leipzig, 1956.
Fyzický popis: 112 s.
Tagy: Pridať tag
Žiadne tagy, Buďte prvý kto otaguje tento záznam!

MARC

LEADER 00000nam a22000004a 4500
001 000611069
005 20190305085655.0
008 190305s1956 xo e 000 0 slo d
040 |a SVKKK  |b slo  |c SVKKK  |e AACR2 
100 1 |a Rausch, S. 
245 1 0 |a Das Motorrad mit Seitenwagen. 
260 |a Leipzig,  |c 1956. 
300 |a 112 s. 
500 |a Záznam revízie 
910 |a svkkk 
998 |a BK 
090 |g SCKHL  |k Sklad Pribinova 2. posch.  |a III.28436  |j 118177  |i 2720641342  |4 Vyradená  |s Vyradená